000 00600cam a22002053a 4500
001 35950
003 PGUSA
005 20140828083755.0
008 110424s2011||||xxu|||||s|||||000 | eng d
040 _aPGUSA
_beng
042 _adc
100 1 _aBolton, Sarah Knowles,
_d1841-1916
245 1 0 _aLives of Poor Boys Who Became Famous
_h[electronic resource] /
_cSarah Knowles Bolton
260 _bProject Gutenberg,
_c2011
506 _aPublic domain in the USA.
516 _aElectronic text
830 0 _aProject Gutenberg
_v35950
856 4 0 _uhttp://www.gutenberg.org/ebooks/35950
942 _cEB
999 _c265205
_d265205